[Event "Saint Quentin op 1st"]
[Site "Saint Quentin"]
[Date "2019.07.08"]
[Round "3"]
[White "Herman, Jose"]
[Black "Jerez Perez, Alfonso"]
[Result "0-1"]
[WhiteElo "1587"]
[BlackElo "2394"]
[PlyCount "88"]
[EventDate "2019.07.06"]
[EventType "swiss"]
[EventRounds "9"]
[EventCountry "FRA"]
[SourceTitle "CBM 191 Extra"]
[Source "ChessBase"]
[SourceDate "2019.09.30"]
[SourceVersion "1"]
[SourceVersionDate "2019.09.30"]
[SourceQuality "1"]

1. d4 Nf6 2. c4 g6 3. Nc3 d5 4. e3 Bg7 5. cxd5 Nxd5 6. g3 0-0 7. Bg2 Nxc3 8. bxc3 c5 9. Ne2 Nc6 10. 0-0 Qa5 11. Bd2 Qa6 12. Re1 Rd8 13. Bf1 e5 14. d5 Na5 15. e4 Bg4 16. Qc2 c4 17. h3 Bd7 18. Bg2 b5 19. Bg5 Re8 20. Qd2 Nb7 21. Bh6 Bh8 22. Kh2 Nc5 23. Nc1 Qd6 24. Be3 Rad8 25. Bxc5 Qxc5 26. Qe3 Qxe3 27. Rxe3 Bg7 28. Re2 a5 29. Rc2 f5 30. f3 Bf8 31. Bf1 Ba3 32. Rb1 Rf8 33. Kg2 fxe4 34. fxe4 Bxh3+ 35. Kxh3 Rxf1 36. Kg2 Rdf8 37. Rxb5 Rxc1 38. Rxc1 Bxc1 39. Rxa5 Bd2 40. Rc5 Bxc3 41. Rxc4 Bd4 42. a4 h5 43. a5 Ra8 44. Ra4 Ra6 0-1

[Event "La Fere op 11th"]
[Site "La Fere"]
[Date "2012.07.12"]
[Round "7"]
[White "Herman, Jose"]
[Black "Koechler, Thomas"]
[Result "0-1"]
[WhiteElo "1641"]
[BlackElo "1960"]
[PlyCount "98"]
[EventDate "2012.07.07"]
[EventType "swiss"]
[EventRounds "9"]
[EventCountry "FRA"]
[SourceTitle "CBM 149 Extra"]
[Source "ChessBase"]
[SourceDate "2012.08.24"]
[SourceVersion "1"]
[SourceVersionDate "2012.08.24"]
[SourceQuality "1"]

1. d4 d5 2. c4 Nc6 3. Nc3 Nf6 4. Bg5 dxc4 5. e3 e5 6. d5 Nb4 7. Bxc4 Bf5 8. e4 Bd7 9. Nf3 h6 10. Bh4 Bd6 11. a3 Na6 12. Qe2 Rb8 13. b4 Qc8 14. Rc1 Nh5 15. Bg3 Nxg3 16. fxg3 0-0 17. 0-0 c5 18. dxc6 Qxc6 19. Bd5 Qb6+ 20. Kh1 Nc7 21. Nh4 a6 22. Nf5 Bb5 23. Qf2 Nxd5 24. Nxd5 Qxf2 25. Rxf2 Rfd8 26. Rd2 Bf8 27. Rcd1 Kh8 28. h4 Rbc8 29. Re1 Rc4 30. Kh2 g6 31. Nfe3 Rxe4 32. g4 Rd4 33. Rf2 Bc6 34. Nb6 Rf4 35. Rc2 Rd3 36. Ned5 f6 37. Re3 Rxe3 38. Nxe3 Re4 39. Nec4 Rxg4 40. g3 Bg7 41. Na5 Bb5 42. Nxb7 f5 43. Nd6 f4 44. Ne4 fxg3+ 45. Nxg3 Rxh4+ 46. Kg2 e4 47. Nd5 Bd4 48. Nc3 Bd3 49. Rc1 Rg4 0-1

[Event "La Fere op 10th"]
[Site "La Fere"]
[Date "2011.07.09"]
[Round "9.38"]
[White "Herman, Jose"]
[Black "Touret, Alex"]
[Result "1-0"]
[WhiteElo "1609"]
[BlackElo "1843"]
[PlyCount "119"]
[EventDate "2011.07.02"]
[EventType "swiss"]
[EventRounds "9"]
[EventCountry "FRA"]
[SourceTitle "EXT 2012"]
[Source "ChessBase"]
[SourceDate "2011.11.24"]
[SourceVersion "1"]
[SourceVersionDate "2011.11.24"]
[SourceQuality "1"]

1. d4 Nf6 2. c4 g6 3. Nc3 Bg7 4. e4 d6 5. Nf3 0-0 6. Be2 e5 7. Bg5 Nc6 8. 0-0 Bg4 9. Nd2 Bxe2 10. Nxe2 h6 11. Bxf6 Bxf6 12. d5 Ne7 13. Rb1 Bg7 14. Ng3 f5 15. Qc2 f4 16. Ne2 g5 17. f3 h5 18. b4 Kh7 19. c5 Rc8 20. a4 Qe8 21. b5 Qg6 22. Rbc1 Rg8 23. c6 b6 24. Nc3 Bh6 25. Rf2 g4 26. Re2 Qf6 27. Qd1 Bg5 28. Kh1 Ng6 29. Qf1 Rg7 30. Rc2 Rcg8 31. Na2 Bh4 32. Nb4 Bg3 33. Qg1 Nh4 34. Rc3 gxf3 35. Nxf3 Nxf3 36. Rxf3 Qh4 37. Nd3 Qe7 38. Ne1 Rg6 39. Rc2 Bh4 40. Rh3 Kh6 41. Nf3 Bf6 42. Qe1 Rg4 43. Qf1 Qg7 44. Qf2 Qh7 45. Re2 Qg6 46. Qf1 Qh7 47. Qe1 Qe7 48. Qf1 R8g6 49. Qe1 h4 50. Qf1 Kh5 51. Qe1 Qg7 52. Qf1 Rh6 53. Qe1 Kg6 54. Qd1 Kf7 55. Qe1 Rhg6 56. Qf1 Ke8 57. Qg1 Rg3 58. hxg3 hxg3 59. Qf1 Rh6 60. Ng1 1-0

[Event "La Fere op"]
[Site "La Fere"]
[Date "2010.07.09"]
[Round "8"]
[White "Van Foreest, Jorden"]
[Black "Herman, Jose"]
[Result "1-0"]
[WhiteElo "1819"]
[BlackElo "1640"]
[PlyCount "94"]
[EventDate "2010.07.03"]
[EventType "swiss"]
[EventRounds "9"]
[EventCountry "FRA"]
[SourceTitle "CBM 137 Extra"]
[Source "ChessBase"]
[SourceDate "2010.09.01"]
[SourceVersion "1"]
[SourceVersionDate "2010.09.01"]
[SourceQuality "1"]

1. e4 e5 2. Nf3 d6 3. d4 exd4 4. Qxd4 Nf6 5. Bc4 Be7 6. Nc3 0-0 7. Bf4 Nc6 8. Qd2 b6 9. 0-0-0 Bb7 10. g4 Na5 11. Bd3 Re8 12. g5 Nd7 13. h4 Nc6 14. h5 Nce5 15. Nxe5 Nxe5 16. g6 fxg6 17. Bxe5 dxe5 18. Bc4+ Kh8 19. Qe2 Bg5+ 20. Kb1 Qf6 21. hxg6 Qxg6 22. Rdg1 Qf6 23. Nb5 Re7 24. Rh5 Bf4 25. Nc3 a6 26. Rf5 Qd6 27. Bxa6 Bxa6 28. Qxa6 Ree8 29. Qc4 c6 30. Ne2 Bh6 31. Rh5 Qd8 32. a3 b5 33. Qc3 c5 34. Ng3 Qd2 35. Qxc5 Rac8 36. Rxe5 Rf8 37. Rf5 Rce8 38. Qb4 Qxc2+ 39. Ka1 g6 40. Qd4+ Bg7 41. Rf6 Rc8 42. Qd7 Rce8 43. Nh5 Rg8 44. Nxg7 Rxg7 45. Qd5 Rb8 46. Qd6 Rc8 47. Rd1 Qc7 1-0

[Event "La Fere op"]
[Site "La Fere"]
[Date "2010.07.04"]
[Round "2"]
[White "Parent, Henri"]
[Black "Herman, Jose"]
[Result "1-0"]
[WhiteElo "1790"]
[BlackElo "1640"]
[PlyCount "151"]
[EventDate "2010.07.03"]
[EventType "swiss"]
[EventRounds "9"]
[EventCountry "FRA"]
[SourceTitle "CBM 137 Extra"]
[Source "ChessBase"]
[SourceDate "2010.09.01"]
[SourceVersion "1"]
[SourceVersionDate "2010.09.01"]
[SourceQuality "1"]

1. e4 e5 2. Nf3 d6 3. c3 Nc6 4. Bb5 Bd7 5. d3 Nf6 6. 0-0 Be7 7. Re1 0-0 8. h3 Qc8 9. Nbd2 a6 10. Bxc6 Bxc6 11. Qb3 Bd7 12. d4 Be6 13. Qc2 exd4 14. cxd4 d5 15. e5 Bf5 16. Qb3 Ne4 17. Qxd5 Rd8 18. Qb3 Nxd2 19. Bxd2 Be6 20. Qc3 Bd5 21. Re3 c6 22. Qd3 Qe6 23. a3 c5 24. Bc3 Rd7 25. b4 Rad8 26. bxc5 Bxf3 27. Rxf3 Bxc5 28. Rf4 Qxe5 29. Qxh7+ Kxh7 30. dxe5 Rd3 31. Ba5 R8d7 32. a4 Bd4 33. Re1 b6 34. Bb4 a5 35. Bd6 g6 36. Kf1 Bc3 37. Rb1 Rb7 38. Bc5 Bxe5 39. Rxb6 Rbd7 40. Rh4+ Kg7 41. Be3 R3d5 42. Ra6 Rd8 43. Bh6+ Kg8 44. Be3 Bc3 45. Rc4 Bb4 46. g3 Rf5 47. Kg2 Rdd5 48. Rc2 Kg7 49. Rb6 Rd7 50. Rb5 Rxb5 51. axb5 Rb7 52. b6 Bd6 53. Rc4 f6 54. Bf4 Bxf4 55. Rxf4 Rxb6 56. Ra4 Rb5 57. g4 Kf7 58. Kf3 Ke6 59. Ke4 Rb4+ 60. Rxb4 axb4 61. f4 b3 62. Kd3 b2 63. Kc2 b1Q+ 64. Kxb1 Kd5 65. h4 f5 66. gxf5 gxf5 67. h5 Ke6 68. Kc2 Kf7 69. Kd3 Kg7 70. Kd4 Kh6 71. Ke5 Kxh5 72. Kxf5 Kh6 73. Ke6 Kg7 74. Kf5 Kf8 75. Kf6 Ke8 76. Kg7 1-0